000 00813cam a22002531 4500
001 sd 50000104
003 DLC
005 20260227112736.0
008 940527s1950 nyu b 000 0 eng c
010 _asd 50000104
035 _a(OCoLC)30501682
040 _aU.S. Dept. of State. Library
_cIEN
_dDLC
042 _apremarc
050 0 0 _aD410
_b.F65 vol. 25, no. 17
100 1 _aBolles, Blair,
_d1911-1990.
245 1 0 _aSwitzerland: oasis of free enterprise.
260 _aNew York,
_bForeign Policy Association,
_c1950.
300 _a[206]-215, [1] p.
_c27 cm.
440 0 _aForeign policy reports,
_vv. 25, no. 17
500 _a"Basic facts about Switzerland": p. [216]
504 _aBibliographical footnotes.
651 0 _aSwitzerland
_xEconomic policy.
651 0 _aSwitzerland
_xForeign relations.
999 _c90022
_d90022